| 000 | 00833nab a2200253 u 4500 | ||
|---|---|---|---|
| 001 | 10683 | ||
| 003 | HDC | ||
| 007 | cr bn ---aaaaa | ||
| 008 | 210205c20130429my dr|nes 0 a may d | ||
| 040 | _aHDC | ||
| 100 |
_aNorlaili Abdul Rahman, _eauthor _99422 |
||
| 245 | 0 |
_aMalaysia terus diyakini pelabur / _cby Norlaili Abdul Rahman |
|
| 260 |
_aKuala Lumpur : _bMedia Mulia Sdn. Bhd., _c2013 |
||
| 336 |
_atext _2rdacontent |
||
| 337 |
_acomputer _2rdamedia |
||
| 338 |
_aonline resource _2rdacarrier |
||
| 650 |
_aInvestment _9312 |
||
| 650 |
_aInvestor _910950 |
||
| 710 | _aUtusan Malaysia | ||
| 856 | _zRequest full-text at [email protected] | ||
| 942 | _2lcc | ||
| 942 | _cNEWS | ||
| 942 | _kNWSC 003904 | ||
| 999 |
_c8006 _d8006 |
||